YA Fiction Movies by Poster Quiz Stats

Quiz Updated Nov 14, 2014

Also try: Guy Cry Movies
Challenge
Share
Tweet
Score 0/20 Timer 05:00
4 Plays Today
Movie % Correct
Harry Potter and the Philosopher's Stone
98.9%
Twilight
93.8%
Hunger Games
93.6%
The Chronicles of Narnia: The Lion the Witch and the Wardrobe
87.1%
The Princess Diaries
85.5%
Percy Jackson: The Lightning Thief
76.9%
Divergent
76.3%
The Golden Compass
71.4%
The Fault in Our Stars
70.3%
The Perks of Being a Wallflower
64.7%
Movie % Correct
The Maze Runner
59.4%
Eragon
59.2%
Ender's Game
52.6%
The Book Thief
49.2%
Beastly
40.1%
I Am Number Four
31.2%
Mortal Instruments: City of Bones
30%
The Giver
26.4%
Beautiful Creatures
22.5%
Vampire Academy
20.2%

You're not logged in!

Compare scores with friends on all Sporcle quizzes.
Join for Free
OR
Log In

You Might Also Like...

Show Comments

Extras

Top Quizzes Today


Score Distribution

Your Account Isn't Verified!

In order to create a playlist on Sporcle, you need to verify the email address you used during registration. Go to your Sporcle Settings to finish the process.

Report this User

Report this user for behavior that violates our Community Guidelines.

Details: